000 00515nam a2200193Ia 4500
005 20250508152356.0
008 008 250505s9999 xx 000 0 eng d
037 _aTextBook
040 _aFEDL
_beng
_cFEDL
041 _aeng
_2eng
084 _a370.7, PIR/R
_qFEDL
100 _aPires E. A.
245 0 _aBetter teacher education
260 _aDelhi, India
_bDelhi University Press
_c1958
300 _aii,277p
650 _aEducation
942 _cTB
_h370.7, PIR/R
999 _c1336026
_d1336026